Introduction to quantitative genetics (Record no. 42210)

MARC details
000 -LEADER
fixed length control field 00402nam a2200157Ia 4500
020 ## - INTERNATIONAL STANDARD BOOK NUMBER
ISBN 0312043472
082 ## - DEWEY DECIMAL CLASSIFICATION NUMBER
Classification number 575:311.13
Item number FAL
100 ## - MAIN ENTRY--AUTHOR NAME
Personal name Falconer, D S
245 #0 - TITLE STATEMENT
Title Introduction to quantitative genetics
250 ## - EDITION STATEMENT
Edition statement Ed.4
260 ## - PUBLICATION, DISTRIBUTION, ETC. (IMPRINT)
Place of publication England
Name of publisher Longman Group
Year of publication 1996
650 ## - SUBJECT ADDED ENTRY--TOPICAL TERM
Topical Term Gene frequency
700 ## - ADDED ENTRY--PERSONAL NAME
Personal name Mackay, Trudy F C
942 ## - ADDED ENTRY ELEMENTS (KOHA)
Koha item type Books
Holdings
Withdrawn status Lost status Damaged status Not for loan Home library Current library Date acquired Cost, normal purchase price Full call number Accession Number Koha item type
        RRII Library RRII Library 16/12/2021 385.00 575:311.13 FAL 22486 Books